Five Most Populated Capitals by Continent - Statistics

General Stats
  • This quiz has been taken 75 times
  • The average score is 23 of 30
Answer Stats
Continent Population Capitale % Correct
Europe 9,7 M London
97%
Europe 3,3 M Madrid
96%
Europe 3,7 M Berlin
93%
Europe 12,5 M Moscow
91%
South America 2,7 M Brasília
90%
Africa 9,5 M Cairo
90%
Asia 14 M Tokyo
90%
North America 9,2 M Mexico City
88%
South America 7,6 M Bogotá
87%
South America 2,9 M Buenos Aires
87%
Asia 21,3 M Beijing
85%
Oceania 0,5 M Canberra
85%
South America 10,6 M Lima
85%
South America 5,1 M Santiago
85%
Oceania 0,4 M Wellington
82%
Asia 16,8 M New Delhi
79%
Asia 10 M Seoul
79%
Asia 10,7 M Jakarta
76%
North America 1 M Ottawa
76%
North America 1,1 M Guatemala City
74%
North America 2,1 M Havana
68%
Africa 3,1 M Addis Ababa
66%
Africa 4 M Algiers
66%
Europe 3 M Kyiv
66%
Africa 4,4 M Nairobi
63%
Oceania 0,3 M Port Moresby
62%
North America 1 M Port-au-Prince
60%
Oceania 0,09 M Suva
53%
Oceania 0,06 M Honiara
40%
Africa 3,4 M Antananarivo
21%
No matching quizzes found
Score Distribution
Percent of People with Each Score
Percentile by Number Answered
Your Score History
You have not taken this quiz